वस्तुनिष्ट प्रश्न बैंक : (Record no. 121039)
[ view plain ]
| 000 -LEADER | |
|---|---|
| fixed length control field | 01219nam a22002657a 4500 |
| 005 - DATE AND TIME OF LATEST TRANSACTION | |
| control field | 20170124103206.0 |
| 010 ## - LIBRARY OF CONGRESS CONTROL NUMBER | |
| LC control number | B-074765 |
| 020 ## - INTERNATIONAL STANDARD BOOK NUMBER | |
| Terms of availability | 290.00 |
| 035 ## - SYSTEM CONTROL NUMBER | |
| System control number | B-074765 |
| 037 ## - SOURCE OF ACQUISITION | |
| Source of stock number/acquisition | Cen Lib/Ret |
| 040 ## - CATALOGING SOURCE | |
| Original cataloging agency | DPL |
| Language of cataloging | HN |
| 082 ## - DEWEY DECIMAL CLASSIFICATION NUMBER | |
| Classification number | 510 |
| Item number | गुप्ताआ |
| 100 ## - MAIN ENTRY--PERSONAL NAME | |
| Personal name | गुप्ता, आर.के. |
| 9 (RLIN) | 94103 |
| 245 ## - TITLE STATEMENT | |
| Title | वस्तुनिष्ट प्रश्न बैंक : |
| Statement of responsibility, etc | आर.के. गुप्ता [और] जे.पी. आर्य |
| Remainder of title | गणित / |
| 246 ## - VARYING FORM OF TITLE | |
| Title proper/short title | Vastunishth prashan bank : ganit / |
| Remainder of title | by R.K. Gupta [aur] J.P. Arya |
| 260 ## - PUBLICATION, DISTRIBUTION, ETC. (IMPRINT) | |
| Place of publication, distribution, etc | मेरठ |
| Name of publisher, distributor, etc | कृष्ण प्रकाशन मीडिया |
| Date of publication, distribution, etc | 2003 |
| 270 ## - ADDRESS | |
| City | मेरठ |
| Address | 11, शिवाजी रोड |
| Postal code | 250001 |
| 300 ## - PHYSICAL DESCRIPTION | |
| Extent | भिन्न पृ. |
| Dimensions | 24सेमी (सजिल्द) |
| 650 ## - SUBJECT ADDED ENTRY--TOPICAL TERM | |
| Topical term or geographic name as entry element | गणित -- वस्तुनिष्ठ प्रश्न आदि |
| 9 (RLIN) | 94104 |
| 650 ## - SUBJECT ADDED ENTRY--TOPICAL TERM | |
| Topical term or geographic name as entry element | समाकलन और अवकलन |
| 9 (RLIN) | 94105 |
| 650 ## - SUBJECT ADDED ENTRY--TOPICAL TERM | |
| Topical term or geographic name as entry element | Mathematics -- Objective type questions etc |
| 9 (RLIN) | 94106 |
| 650 ## - SUBJECT ADDED ENTRY--TOPICAL TERM | |
| Topical term or geographic name as entry element | Integral and differential |
| 9 (RLIN) | 94107 |
| 700 ## - ADDED ENTRY--PERSONAL NAME | |
| Personal name | आर्य, जे.पी. |
| 9 (RLIN) | 73 |
| 942 ## - ADDED ENTRY ELEMENTS (KOHA) | |
| Source of classification or shelving scheme | Dewey Decimal Classification |
| Koha item type | Hindi Books |
| Classification part | 510 |
| Call number suffix | गुप्ताआ |
| Withdrawn status | Lost status | Damaged status | Not for loan | Home library | Current library | Date acquired | Source of acquisition | Cost, normal purchase price | Total Checkouts | Total Renewals | Full call number | Barcode | Date last seen | Date checked out | Copy number | Cost, replacement price | Price effective from | Koha item type | Public note |
|---|---|---|---|---|---|---|---|---|---|---|---|---|---|---|---|---|---|---|---|
| Written off | Central Library | Central Library | 30/09/2015 | Cen Lib/Ret | 290.00 | 1 | 1 | 510 गुप्ताआ | B-074765 | 25/06/2018 | 29/05/2018 | 1 | 290.00 | 30/09/2015 | Hindi Books | Written off on approval by DLB (By Circulation); dtd 15-06-2023 |
